Представление документа в формате RUSMARC

ПолеНазваниеЗначение
  Тип записи a
  Библиографический уровень m
001 Контрольный номер RU/SLIB/B/208702750
005 Дата корректировки 20201206203839.1
010 Индекс ISBN __
d Цена 91-70
101 Язык документа __
a Язык текста eng
a Язык текста fre
200 Заглавие и сведения об ответственности 1_
a Заглавие Furniture Idea Mueble:Traditional
e Сведения, относящиеся к заглавию Ambientes en Madera Maciza/Furnisbing in Solid Wood
b Общее обозначение материала Текст
210 Выходные данные __
a Место издания Barcelona
c Издательство Idea Books
d Дата издания 1995
215 Физическое описание __
a Объем 54 p.
c Иллюстрации/тип воспроизводства il.
300 Общие примечания __
a Общие примечания Текст на исп. и англ. яз.
517 Другие варианты заглавия __
a Другие варианты заглавия Обстановка, фантазия, мебель: традиции
606 Тематические рубрики __
a Основная рубрика Изобразительное искусство и архитектура
606 Тематические рубрики __
a Основная рубрика Художественные изделия
610 Ключевые слова __
a Ключевые слова интерьер; антиквариат; мебель; французский язык; английский язык
686 Индексы других классификаций __
2 Код системы rubbks
a Классификационный индекс 85.126
801 Источник записи _0
a Страна RU
b Организация Муниципальное бюджетное учреждение культуры "Централизованная библиотечная система" г. Сургут (Центральная городская библиотека им. А. С. Пушкина)
g Правила каталогизации ОБ/БУТЕНКО
801 Источник записи _1
a Страна RU
b Организация Муниципальное бюджетное учреждение культуры "Централизованная библиотечная система" г. Сургут (Центральная городская библиотека им. А. С. Пушкина)
g Правила каталогизации ОБ/БУТЕНКО
852 Данные о местонахождении __
j Шифр хранения 85.126
c Каталожный индекс 85.126
i Авторский знак F 98
p Инвентарный номер 67413
901 Тип документа __
t Тип документа m
903 Характеристики (МАРС) __
a Дата передачи 19980316
990 Данные о заказе (DOS) __
j Количество экземпляров (DOS) 1